000 00904cam a2200301 4500
001 E136167
008 000000n2006 000 0 eng u
020 _a1904388663; 9781904388661
035 _a(Sirsi) u136167
041 _aeng
050 _a347.41067
_c18
100 _aHall, Jean Graham
245 0 4 _aThe expert witness
_ba CPD study pack
250 _a5th ed.
260 _aReading
_bCollege of Estate Management
_c2006
350 _a51
490 _aCollege of Estate Management CPD Study Pack
520 _aAccompanied by Owlion audio CD "Surveyors as advocates and expert witnesses"
650 _aEXPERT EVIDENCE
650 _aEXPERT WITNESSES
650 _aEXPERTS REPORTS
650 _aPROFESSIONAL NEGLIGENCE
690 _aDISPUTE RESOLUTION
_96236
700 _aSmith, Gordon D.
700 _aBarry, Paul
710 _aCollege of Estate Management
_9400
942 _n0
999 _c106336
_d106336